Personnages de Super Smash Bros. - Mort Subite - Statistiques

Statistiques générales
  • Ce quiz a été pris 1 686 fois
  • Le résultat moyen est 6 sur 16
Answers on the Grid
Answers color-coded by a green-red scale on the quiz's grid according to % correct below.
Waluigi
Shulk
Joker
Zelda enfant
Raichu
Tireur Mii
Palutena
Mega Man
Geno
Bandana Waddle Dee
Bowser Jr.
Chibi-Robo
Rayman
Ganon
Ike
Métamorph
Steve
Villageois
Kaptain K.Rool
Diddy Kong
Banjo-Kazooie
Bubsy
Dr. Mario
Pac-Man
Tails
Richter
Snake
Koopa
Escrimeur Mii
Corrin
 
Statistiques - réponses
Réponse % Correct
Shulk
76%
Joker
68%
Mega Man
57%
Bowser Jr.
55%
Palutena
53%
Tireur Mii
50%
Diddy Kong
28%
Dr. Mario
28%
Villageois
28%
Ike
26%
Steve
26%
Pac-Man
25%
Snake
24%
Banjo-Kazooie
22%
Richter
19%
Corrin
16%
Aucun quiz correspondant
Distribution des résultats
% des personnes avec chaque résultat
Percentile par nombre de réponses
Votre historique - résultats
Vous n’avez pas pris ce quiz